<?xml version="1.0" encoding="UTF-8"?>
<record
    xmlns:xsi="http://www.w3.org/2001/XMLSchema-instance"
    xsi:schemaLocation="http://www.loc.gov/MARC21/slim http://www.loc.gov/standards/marcxml/schema/MARC21slim.xsd"
    xmlns="http://www.loc.gov/MARC21/slim">

  <leader>00829nam a22002537a 4500</leader>
  <controlfield tag="005">20250627110051.0</controlfield>
  <controlfield tag="008">250623b     mx |||||||| |||| 00| 0 spa d</controlfield>
  <datafield tag="020" ind1=" " ind2=" ">
    <subfield code="a">9789706418432 (O.C.)</subfield>
  </datafield>
  <datafield tag="020" ind1=" " ind2=" ">
    <subfield code="a">9789684367630 (v. 1)</subfield>
  </datafield>
  <datafield tag="020" ind1=" " ind2=" ">
    <subfield code="a">9684367635 (v.1)</subfield>
  </datafield>
  <datafield tag="020" ind1=" " ind2=" ">
    <subfield code="a">9789684367616 (v. 2)</subfield>
  </datafield>
  <datafield tag="020" ind1=" " ind2=" ">
    <subfield code="a">9789706412430 (v. 3)</subfield>
  </datafield>
  <datafield tag="050" ind1="0" ind2="4">
    <subfield code="a">PC4105</subfield>
    <subfield code="b">M37 r2010</subfield>
  </datafield>
  <datafield tag="050" ind1="0" ind2="4">
    <subfield code="a">PC4112</subfield>
    <subfield code="b">M37 1991</subfield>
  </datafield>
  <datafield tag="100" ind1="1" ind2=" ">
    <subfield code="a">Mar&#xED;n, Emilio.</subfield>
  </datafield>
  <datafield tag="245" ind1="1" ind2="0">
    <subfield code="a">Gram&#xE1;tica espa&#xF1;ola  </subfield>
    <subfield code="c"> / por Emilio Mar&#xED;n.</subfield>
  </datafield>
  <datafield tag="250" ind1=" " ind2=" ">
    <subfield code="a">19a ed.</subfield>
  </datafield>
  <datafield tag="260" ind1=" " ind2=" ">
    <subfield code="a">M&#xE9;xico :</subfield>
    <subfield code="b">Progreso,</subfield>
    <subfield code="c">1991.</subfield>
  </datafield>
  <datafield tag="300" ind1=" " ind2=" ">
    <subfield code="a">v. :</subfield>
    <subfield code="b">il. ;</subfield>
    <subfield code="c">19 cm.</subfield>
  </datafield>
  <datafield tag="504" ind1=" " ind2=" ">
    <subfield code="a">Incluye bibliografia e &#xED;ndice</subfield>
  </datafield>
  <datafield tag="505" ind1="1" ind2=" ">
    <subfield code="t">V. 1 Primer libro Para cuarto a&#xF1;o de ese&#xF1;anza elemental -- </subfield>
    <subfield code="t">V. 2 Segundo libro Para 5&#xBA; y 6&#xBA; a&#xF1;o de primaria.</subfield>
  </datafield>
  <datafield tag="650" ind1=" " ind2="7">
    <subfield code="2">lemb</subfield>
    <subfield code="a">Espa&#xF1;ol</subfield>
    <subfield code="x">Gram&#xE1;tica</subfield>
  </datafield>
  <datafield tag="942" ind1=" " ind2=" ">
    <subfield code="2">lcc</subfield>
    <subfield code="c">LIB</subfield>
  </datafield>
  <datafield tag="999" ind1=" " ind2=" ">
    <subfield code="c">47526</subfield>
    <subfield code="d">47526</subfield>
  </datafield>
  <datafield tag="952" ind1=" " ind2=" ">
    <subfield code="1">0</subfield>
    <subfield code="2">lcc</subfield>
    <subfield code="4">0</subfield>
    <subfield code="7">0</subfield>
    <subfield code="a">BACH-007</subfield>
    <subfield code="b">BACH-007</subfield>
    <subfield code="c">GENERAL</subfield>
    <subfield code="d">2014-01-16</subfield>
    <subfield code="e">DGB</subfield>
    <subfield code="f">19a ed.</subfield>
    <subfield code="h">V:1</subfield>
    <subfield code="k">Educaci&#xF3;n y humanidades</subfield>
    <subfield code="o">PC4112 M37 r2010</subfield>
    <subfield code="p">PMO000002867</subfield>
    <subfield code="r">2014-01-16 00:00:00</subfield>
    <subfield code="t">1</subfield>
    <subfield code="v">1.00</subfield>
    <subfield code="y">LIB</subfield>
    <subfield code="z">12a. reimpresi&#xF3;n</subfield>
  </datafield>
  <datafield tag="952" ind1=" " ind2=" ">
    <subfield code="1">0</subfield>
    <subfield code="2">lcc</subfield>
    <subfield code="4">0</subfield>
    <subfield code="7">0</subfield>
    <subfield code="a">BACH-005</subfield>
    <subfield code="b">BACH-005</subfield>
    <subfield code="c">GENERAL</subfield>
    <subfield code="d">2014-06-25</subfield>
    <subfield code="e">Rec. DGB.</subfield>
    <subfield code="h">PJM000002244</subfield>
    <subfield code="i">Bachillerato</subfield>
    <subfield code="k">Educaci&#xF3;n y humanidades</subfield>
    <subfield code="o">PC4105 M37 r2010 </subfield>
    <subfield code="p">PJM000002244</subfield>
    <subfield code="r">2014-06-25 00:00:00</subfield>
    <subfield code="t">C:1 V.3</subfield>
    <subfield code="y">LIB</subfield>
  </datafield>
  <datafield tag="952" ind1=" " ind2=" ">
    <subfield code="1">0</subfield>
    <subfield code="2">lcc</subfield>
    <subfield code="4">0</subfield>
    <subfield code="7">0</subfield>
    <subfield code="a">BACH-005</subfield>
    <subfield code="b">BACH-005</subfield>
    <subfield code="d">2014-06-25</subfield>
    <subfield code="e">Rec. DGB.</subfield>
    <subfield code="h">PJM000002245</subfield>
    <subfield code="i">Bachillerato</subfield>
    <subfield code="k">Educaci&#xF3;n y humanidades</subfield>
    <subfield code="o">PC4105 M37 r2010 </subfield>
    <subfield code="p">PJM000002245</subfield>
    <subfield code="r">2014-06-25 00:00:00</subfield>
    <subfield code="t">C:2 V.3</subfield>
    <subfield code="y">LIB</subfield>
  </datafield>
  <datafield tag="952" ind1=" " ind2=" ">
    <subfield code="1">0</subfield>
    <subfield code="2">lcc</subfield>
    <subfield code="4">0</subfield>
    <subfield code="7">0</subfield>
    <subfield code="a">BACH-005</subfield>
    <subfield code="b">BACH-005</subfield>
    <subfield code="c">GENERAL</subfield>
    <subfield code="d">2014-06-25</subfield>
    <subfield code="e">Rec. DGB.</subfield>
    <subfield code="h">PJM000002246</subfield>
    <subfield code="i">Bachillerato</subfield>
    <subfield code="k">Educaci&#xF3;n y humanidades</subfield>
    <subfield code="o">PC4105 M37 r2010 </subfield>
    <subfield code="p">PJM000002246</subfield>
    <subfield code="r">2014-06-25 00:00:00</subfield>
    <subfield code="t">C:3 V.3</subfield>
    <subfield code="y">LIB</subfield>
  </datafield>
  <datafield tag="952" ind1=" " ind2=" ">
    <subfield code="1">0</subfield>
    <subfield code="2">lcc</subfield>
    <subfield code="4">0</subfield>
    <subfield code="7">0</subfield>
    <subfield code="a">BPU-001</subfield>
    <subfield code="b">BPU-001</subfield>
    <subfield code="c">GENERAL</subfield>
    <subfield code="d">2014-07-16</subfield>
    <subfield code="e">Rec. DGB</subfield>
    <subfield code="h">BPU000000431</subfield>
    <subfield code="i">Humanidades</subfield>
    <subfield code="k">Educaci&#xF3;n y humanidades</subfield>
    <subfield code="o">PC4105 M37 r2010</subfield>
    <subfield code="p">BPU000000431</subfield>
    <subfield code="r">2015-01-16 00:00:00</subfield>
    <subfield code="t">C:1 V.3</subfield>
    <subfield code="y">LIB</subfield>
  </datafield>
  <datafield tag="952" ind1=" " ind2=" ">
    <subfield code="1">0</subfield>
    <subfield code="2">lcc</subfield>
    <subfield code="4">0</subfield>
    <subfield code="7">0</subfield>
    <subfield code="a">BPU-001</subfield>
    <subfield code="b">BPU-001</subfield>
    <subfield code="c">GENERAL</subfield>
    <subfield code="d">2014-07-16</subfield>
    <subfield code="e">Rec. DGB.</subfield>
    <subfield code="h">BPU000000432</subfield>
    <subfield code="i">Humanidades</subfield>
    <subfield code="k">Educaci&#xF3;n y humanidades</subfield>
    <subfield code="o">PC4105 M37 r2010</subfield>
    <subfield code="p">BPU000000432</subfield>
    <subfield code="r">2015-01-16 00:00:00</subfield>
    <subfield code="t">C:2 v.3</subfield>
    <subfield code="y">LIB</subfield>
  </datafield>
  <datafield tag="952" ind1=" " ind2=" ">
    <subfield code="1">0</subfield>
    <subfield code="2">lcc</subfield>
    <subfield code="4">0</subfield>
    <subfield code="7">0</subfield>
    <subfield code="a">BACH-005</subfield>
    <subfield code="b">BACH-005</subfield>
    <subfield code="c">GENERAL</subfield>
    <subfield code="d">2014-06-25</subfield>
    <subfield code="f">19 ed</subfield>
    <subfield code="h">PJM000002245</subfield>
    <subfield code="k">EH</subfield>
    <subfield code="o">PC4105 M3 2003</subfield>
    <subfield code="p">PJM000000482</subfield>
    <subfield code="r">2019-08-15 00:00:00</subfield>
    <subfield code="t">C:1</subfield>
    <subfield code="v">1.00</subfield>
    <subfield code="y">LIB</subfield>
  </datafield>
  <datafield tag="952" ind1=" " ind2=" ">
    <subfield code="1">0</subfield>
    <subfield code="2">lcc</subfield>
    <subfield code="4">0</subfield>
    <subfield code="7">0</subfield>
    <subfield code="a">BACH-005</subfield>
    <subfield code="b">BACH-005</subfield>
    <subfield code="c">GENERAL</subfield>
    <subfield code="d">2014-06-25</subfield>
    <subfield code="f">19 ed</subfield>
    <subfield code="h">PJM000002245</subfield>
    <subfield code="k">EH</subfield>
    <subfield code="o">PC4105 M3 2003</subfield>
    <subfield code="p">PJM000000483</subfield>
    <subfield code="r">2019-08-15 00:00:00</subfield>
    <subfield code="t">C:2 V.1</subfield>
    <subfield code="v">1.00</subfield>
    <subfield code="y">LIB</subfield>
  </datafield>
  <datafield tag="952" ind1=" " ind2=" ">
    <subfield code="1">0</subfield>
    <subfield code="2">lcc</subfield>
    <subfield code="4">0</subfield>
    <subfield code="7">0</subfield>
    <subfield code="a">BACH-005</subfield>
    <subfield code="b">BACH-005</subfield>
    <subfield code="c">GENERAL</subfield>
    <subfield code="d">2014-06-25</subfield>
    <subfield code="f">19 ed</subfield>
    <subfield code="h">PJM000002245</subfield>
    <subfield code="k">EH</subfield>
    <subfield code="o">PC4105 M3 2003</subfield>
    <subfield code="p">PJM000000484</subfield>
    <subfield code="r">2019-08-15 00:00:00</subfield>
    <subfield code="t">C:3 V.1</subfield>
    <subfield code="v">1.00</subfield>
    <subfield code="y">LIB</subfield>
  </datafield>
  <datafield tag="952" ind1=" " ind2=" ">
    <subfield code="1">0</subfield>
    <subfield code="2">lcc</subfield>
    <subfield code="4">0</subfield>
    <subfield code="7">0</subfield>
    <subfield code="a">BACH-006</subfield>
    <subfield code="b">BACH-006</subfield>
    <subfield code="c">GENERAL</subfield>
    <subfield code="d">2019-08-16</subfield>
    <subfield code="f">19a.ed.</subfield>
    <subfield code="h">V:1</subfield>
    <subfield code="i">NMS</subfield>
    <subfield code="k">EH</subfield>
    <subfield code="o">PC4112 M37  r2003</subfield>
    <subfield code="p">PIA000003336</subfield>
    <subfield code="r">2019-08-16 00:00:00</subfield>
    <subfield code="t">C:1 </subfield>
    <subfield code="v">1.00</subfield>
    <subfield code="y">LIB</subfield>
  </datafield>
  <datafield tag="952" ind1=" " ind2=" ">
    <subfield code="1">0</subfield>
    <subfield code="2">lcc</subfield>
    <subfield code="4">0</subfield>
    <subfield code="7">0</subfield>
    <subfield code="a">BACH-006</subfield>
    <subfield code="b">BACH-006</subfield>
    <subfield code="c">GENERAL</subfield>
    <subfield code="d">2019-08-16</subfield>
    <subfield code="f">19a.ed.</subfield>
    <subfield code="h">V:1</subfield>
    <subfield code="i">NMS</subfield>
    <subfield code="k">EH</subfield>
    <subfield code="o">PC4112 M37  r2003</subfield>
    <subfield code="p">PIA000003337</subfield>
    <subfield code="r">2019-08-16 00:00:00</subfield>
    <subfield code="t">C:2 </subfield>
    <subfield code="v">1.00</subfield>
    <subfield code="y">LIB</subfield>
  </datafield>
  <datafield tag="952" ind1=" " ind2=" ">
    <subfield code="1">0</subfield>
    <subfield code="2">lcc</subfield>
    <subfield code="4">0</subfield>
    <subfield code="7">0</subfield>
    <subfield code="a">LIC-016</subfield>
    <subfield code="b">LIC-016</subfield>
    <subfield code="c">GENERAL</subfield>
    <subfield code="d">2025-06-23</subfield>
    <subfield code="f">19a ed.</subfield>
    <subfield code="h">V:1</subfield>
    <subfield code="k">EH</subfield>
    <subfield code="l">0</subfield>
    <subfield code="o">PC4112 M37 1991</subfield>
    <subfield code="p">BIC000002573</subfield>
    <subfield code="r">2025-06-23 12:40:48</subfield>
    <subfield code="t">1</subfield>
    <subfield code="v">1.00</subfield>
    <subfield code="y">LIB</subfield>
  </datafield>
</record>
